000 00424nam a2200157 i 4500
001 bg
100 1 _aKĄKAL, W.
245 0 _aElementy programowania zadań inżynierskich na mikrokomputerach /
_cW. Kąkal, T. Łodygowski, J. Wdowicki.
260 _aPoznań,
_c1989.
700 1 _aŁODYGOWSKI, T.
700 1 _aWDOWICKI, J.
040 _cBPK
041 _apol
942 _cKS
008 s pl f |000 0 pol
999 _c4048
_d4048
856 _uhttp://koha.tu.koszalin.pl/cgi-bin/koha/opac-detail.pl?biblionumber=4048
_yKatalog online BPK